00644nam a2200217 i 4500001001100000003000500011005001700016008004100033040002500074082001500099100004000114245002000154264006300174300002300237336002100260337002500281338002300306490003100329650003500360830003100395C2-0280139PPAK20180728011151.0070618s xx |||| ||||| | ara d aPPAKbengcPPAKerda04a297.642231 aAl-Wahsyi, Asraf Muhammad, eauthor10aMusab bin Umair 1a[place of publication not identified] : bDarul Fadhilah , a31 pages ; c24 cm 2rdacontentatext 2rdamediaaunmediated 2rdacarrieravolume1 aShuhadah Haula Arrasul SAW10aMuhammad, D. 632 - Companions. 0aShuhadah Haula Arrasul SAW